Catalog

Record Details

Catalog Search



The great book of chocolate : the chocolate ... Read More

Available copies

  • 0 of 2 copies available at LARL/NWRL Consortium.
  • 0 of 2 copies available at Lake Agassiz Regional Library. (Show preferred library)

Current holds

2 current holds with 2 total copies.

Show Only Available Copies
Location Call Number / Copy Notes Barcode Shelving Location Status Due Date
Ada Public Library 641.865 LEB (Text) 33500014384523 New Checked out 07/16/2026
Hendrum LINK Site 641.865 LEB (Text) 33500014384515 New In transit -

Record details

  • ISBN: 9780593836958
  • ISBN: 0593836952
  • Physical Description: 191 pages : color illustrations ; 24 cm
  • Edition: Revised edition.
  • Publisher: California : Ten Speed Press, [2026]

Content descriptions

General Note:
Includes index.
"Originally published in paperback and in somewhat different form by Ten Speed Press in 2004."
Summary, etc.:
"A completely revised edition of David Lebovitz's ... Read More
Subject: Cooking (Chocolate)
Chocolate.
Desserts.
Genre: Cookbooks.
Recipes.
Informational works.
Instructional and educational works.
Illustrated works.
LDR 03468cam a22007338i 4500
001485981
003LARL_NWRL_CONSORTIUM
00520260527162438.0
008250814t20262026caua e 001 0 eng
007ta
010 . ‡a 2025037981
040 . ‡aDLC ‡beng ‡erda ‡cDLC ‡dIG# ‡dOCLCO ‡dMJ8 ‡dOCLCO ‡dIEB ‡dGP5 ‡dGO3 ‡dJTH
020 . ‡a9780593836958 ‡q(hardcover)
020 . ‡a0593836952 ‡q(hardcover)
020 . ‡z9780593836965 ‡qebook
035 . ‡a(OCoLC)1533180546
042 . ‡apcc
08204. ‡a641.865
08204. ‡a641.6374 ‡223
1001 . ‡aLebovitz, David, ‡eauthor. ‡1https://id.oclc.org/worldcat/entity/E39PCjMvjd8XDWdbbxv3W43kH3 ‡0(LARL_NWRL_CONSORTIUM)188639
24514. ‡aThe great book of chocolate : ‡bthe chocolate lover's guide with more than 50 recipes / ‡cDavid Lebovitz ; photography by Ed Anderson.
24630. ‡aChocolate lover's guide with more than 50 recipes
2463 . ‡aChocolate lover's guide with more than fifty recipes
250 . ‡aRevised edition.
264 1. ‡aCalifornia : ‡bTen Speed Press, ‡c[2026]
264 4. ‡c©2026
300 . ‡a191 pages : ‡bcolor illustrations ; ‡c24 cm
334 . ‡asingle unit ‡bmono ‡0http://id.loc.gov/vocabulary/issuance/mono
336 . ‡atext ‡btxt ‡2rdacontent ‡0http://id.loc.gov/vocabulary/contentTypes/txt
336 . ‡astill image ‡bsti ‡2rdacontent
337 . ‡aunmediated ‡bn ‡2rdamedia ‡0http://id.loc.gov/vocabulary/mediaTypes/n
338 . ‡avolume ‡bnc ‡2rdacarrier ‡0http://id.loc.gov/vocabulary/carriers/nc
353 . ‡aindex ‡bindex ‡0http://id.loc.gov/vocabulary/msupplcont/index
500 . ‡aIncludes index.
500 . ‡a"Originally published in paperback and in somewhat different form by Ten Speed Press in 2004."
520 . ‡a"A completely revised edition of David Lebovitz's comprehensive guide to all things chocolate, featuring more than fifty rich and decadent recipes--including fifteen that are brand new--for chocolatey cookies, brownies, cakes, tarts, and more"-- Provided by publisher.
650 0. ‡aCooking (Chocolate) ‡0(LARL_NWRL_CONSORTIUM)17681
650 0. ‡aChocolate. ‡0(LARL_NWRL_CONSORTIUM)16590
650 0. ‡aDesserts. ‡0(LARL_NWRL_CONSORTIUM)18452
655 7. ‡aCookbooks. ‡2lcgft ‡0(LARL_NWRL_CONSORTIUM)175846
655 7. ‡aRecipes. ‡2lcgft
655 7. ‡aInformational works. ‡2lcgft
655 7. ‡aInstructional and educational works. ‡2lcgft
655 7. ‡aIllustrated works. ‡2lcgft
7001 . ‡aAnderson, Ed ‡q(Edward Charles), ‡ephotographer. ‡1https://id.oclc.org/worldcat/entity/E39PCjr6B6HwwQBk4KtBdW4JcP
758 . ‡1http://id.loc.gov/resources/instances/in00024301481
758 . ‡4http://id.loc.gov/ontologies/bibframe/instanceOf ‡1http://id.loc.gov/resources/works/in00024301481
77608. ‡iOnline version ‡4http://id.loc.gov/entities/relationships/onlineversion ‡aLebovitz, David, 1958- ‡tGreat book of chocolate ‡bRevised edition ‡dCalifornia : Ten Speed Press, [2026] ‡z9780593836965 ‡w(DLC) 2025037982
884 . ‡aDLC bibframe2marc v3.0-dev ‡g20250814 ‡qDLC ‡uhttps://github.com/lcnetdev/bibframe2marc/tree/v3.0-dev
901 . ‡a485981 ‡bOCoLC ‡c485981 ‡tbiblio ‡sIngram On-Order

Additional Resources